Culture Générale - Série 2127 - Statistiques

Statistiques générales
  • Ce quiz a été pris 98 fois
  • Le résultat moyen est 6 sur 10
Statistiques - réponses
Question Réponse % Correct
Quelle est la capitale de la Lettonie ? Riga
90%
Quel personnage mythologique tombe amoureux de son reflet dans l'eau ? Narcisse
87%
Qui incarnait la "Bête" dans "la Belle et la Bête" de Jean Cocteau ? prénom et nom Jean Marais
76%
Avec quel poisson prépare-t-on les rollmops ? hareng
62%
Dans quelle ville du Lot vivent les Cadurciens ? Cahors
59%
En mathématiques, que signifie le M quand on parle du PPCM ? Multiple
58%
Quelle actrice américaine a-t-on surnommée "la Divine" ? prénom et nom - voir photo Greta Garbo
46%
En 1958, Quel joueur du Real Madrid était surnommé "le Napoléon du football" ? prénom et nom Raymond Kopa
29%
A quel réalisateur doit-on les films "Platoon" et "JFK" ? prénom et nom Oliver Stone
27%
Dans le film "La traversée de Paris", dans quelle rue Jean Gabin et Bourvil vont-ils chercher un cochon ? Poliveau
16%
Aucun quiz correspondant
Distribution des résultats
% des personnes avec chaque résultat
Percentile par nombre de réponses
Votre historique - résultats
Vous n’avez pas pris ce quiz